[Event "GER-ch Net blitz qual4"]
[Site "Playchess.com INT"]
[Date "2020.03.23"]
[Round "8"]
[White "Operaugo, Thomas"]
[Black "Berndt, Klaus"]
[Result "0-1"]
[WhiteElo "1769"]
[BlackElo "2145"]
[PlyCount "98"]
[EventDate "2020.03.23"]
[EventType "swiss (blitz)"]
[EventRounds "9"]
[EventCountry "GER"]
[SourceTitle "CBM 195 Extra"]
[Source "ChessBase"]
[SourceDate "2020.05.31"]
[SourceVersion "1"]
[SourceVersionDate "2020.05.31"]
[SourceQuality "1"]

1. e4 e6 2. d4 d5 3. exd5 exd5 4. Nf3 Nf6 5. c3 Bd6 6. c4 dxc4 7. Bxc4 0-0 8. 0-0 Bg4 9. h3 Bh5 10. g4 Bg6 11. Ne5 Nc6 12. f4 Be4 13. Nc3 Bb4 14. g5 Bxc3 15. bxc3 Nd5 16. Bd2 Na5 17. Bb3 Nxb3 18. axb3 Bf5 19. Kh2 f6 20. Nf3 Qd6 21. Rg1 Nxf4 22. Bxf4 Qxf4+ 23. Rg3 Be4 24. Qe2 Rae8 25. Rf1 fxg5 26. Qf2 Bxf3 27. Qxf3 Qxf3 28. Rfxf3 Rxf3 29. Rxf3 Re2+ 30. Kg3 h5 31. c4 g6 32. h4 g4 33. Rd3 Kf7 34. Kf4 Rf2+ 35. Kg5 Rf5+ 36. Kh6 Rf3 37. Rd2 Rxb3 38. Rf2+ Rf3 39. Re2 g3 40. Rg2 a5 41. Rg1 a4 42. Rg2 a3 43. Rg1 a2 44. Ra1 g2 45. d5 Rf1 46. Rxa2 g1Q 47. Rb2 Qd4 48. Rg2 Qg7+ 49. Kg5 Rf5# 0-1